Normal view
MARC view
- Supervised by Dr. Attiq Ahmad
Entry Personal Name
001 - CONTROL NUMBER
- control field: 132703
003 - CONTROL NUMBER IDENTIFIER
- control field: NUST
005 - DATE AND TIME OF LATEST TRANSACTION
- control field: 20260102175725.0
008 - FIXED-LENGTH DATA ELEMENTS
- fixed length control field: 260102|| aca||aabn | a|a d
040 ## - CATALOGING SOURCE
- Original cataloging agency: NUST
- Transcribing agency: NUST
100 ## - HEADING--PERSONAL NAME
- Personal name: Supervised by Dr. Attiq Ahmad
670 ## - SOURCE DATA FOUND
- Source citation: Work cat.: (NUST)611876: Ali, Rauf 126118, On Demand Image Rescaling (ODIR) /, 2024
